000 00514nam a22001697a 4500
005 20251108173205.0
008 250721s2005 xx 000 0 ara d
082 1 4 _a621.435/شمر
100 1 _aالشمري، محمد عبد الرضا
_eمؤلف
245 1 0 _aمحركات الديزل /
264 1 _aعمان :
_bدار صفاء للنشر و التوزيع،
_c2005.
300 _a206 ص.
650 1 7 _aمحركات الديزل
650 1 7 _aوقود الديزل
942 _2ddc
_cBK
999 _c98159
_d98159